Chicago Neighborhoods That End in Park - Statistics

General Stats
  • This quiz has been taken 14 times
    12 since last reset
  • The average score is 14 of 46
Answer Stats
Neighborhood % Correct
Lincoln Park
100%
Humboldt Park
78%
East Garfield Park
67%
Hyde Park
67%
Jefferson Park
67%
Rogers Park
67%
West Garfield Park
67%
Albany Park
56%
Irving Park
56%
Portage Park
56%
Edison Park
44%
Morgan Park
44%
North Park
44%
Wicker Park
44%
Fuller Park
33%
Peterson Park
33%
Sheridan Park
33%
Washington Park
33%
Avalon Park
22%
Douglas Park
22%
Gage Park
22%
Hamilton Park
22%
Kennedy Park
22%
McKinley Park
22%
Old Irving Park
22%
Oriole Park
22%
Princeton Park
22%
West Humboldt Park
22%
West Morgan Park
22%
West Rogers Park
22%
Dearborn Park
11%
East Hyde Park
11%
Gladstone Park
11%
Groveland Park
11%
Hanson Park
11%
Hollywood Park
11%
Kelvyn Park
11%
Kilbourn Park
11%
Kosciuszko Park
11%
Merchant Park
11%
Norwood Park East
11%
Norwood Park West
11%
Pulaski Park
11%
Smith Park
11%
Stony Island Park
11%
Vittum Park
11%
No matching quizzes found
Score Distribution
Percent of People with Each Score
Percentile by Number Answered
Your Score History
You have not taken this quiz since the last reset